| 000 | 00577nam a2200193Ia 4500 | ||
|---|---|---|---|
| 005 | 20250508161806.0 | ||
| 008 | 008 250505s9999 xx 000 0 eng d | ||
| 037 | _aBooks to be hide in OPAC | ||
| 040 |
_aFEDL _beng _cFEDL |
||
| 041 |
_aeng _2eng |
||
| 084 |
_a510, NCE/O _qFEDL |
||
| 245 | 0 | _aGeometry: Unit 14 | |
| 260 |
_aNew Delhi, India _bNational Council of Educational Research and Training |
||
| 300 | _a1961 | ||
| 490 | _aSchool mathematics study group | ||
| 546 | _aStudents text. Part 1 | ||
| 942 |
_cHB _h510, NCE/O |
||
| 999 |
_c1372232 _d1372232 |
||